| 000 | 00497nam a2200109Ia 4500 | ||
|---|---|---|---|
| 008 | 160909s9999 xx 000 0 und d | ||
| 100 | _aPierre-Louis, Nadine | ||
| 245 | _aTheory of conflict resolution behavior: Dimensions of individualism and collectivism and perception of legitimacy of power and ideology; a hermeneutic comparative analysis | ||
| 260 |
_bNova Southeastern University. _c2016 |
||
| 650 | _aFINANCIAL MANAGEMENT | ||
| 856 | _uhttp://pqdtopen.proquest.com/doc/1797424456.html?FMT=ABS | ||
| 999 |
_c304604 _d304604 |
||